Eintracht Francfort - Tous les joueurs de 2010 à 2025 - Statistiques

Statistiques générales
  • Ce quiz a été pris 10 fois
  • Le résultat moyen est 15 sur 184
Statistiques - réponses
Saisons Nationalité Joueur Nombre
De Matchs
Poste % Correct
2012 - 20152018 - 2025 Allemagne KevinTrapp 383 G
89%
2023 - 2025 France HugoEkitike 63 A
78%
2024 - France ElyeWahi 11 A
67%
2022 - 2023 France RandalKolo Muani 50 A
67%
2019 - 2021 Portugal AndreSilva 71 A
56%
2017 - 20192020 - 2021 Serbie LukaJovic 93 A
56%
2022 - Allemagne MarioGotze 122 M
56%
2017 - 2019 CoteD'Ivoire SebastienHaller 77 A
56%
2017 - 20182019 - 2023 Japon DaichiKamada 179 M
44%
2023 - Algérie FaresChaibi 75 M
44%
2018 - 2022 Serbie FilipKostic 172 M/A
44%
2023 - 2025 Egypte OmarMarmoush 67 A
44%
2018 - 2023 Mali AlmamyTouré 83 D
33%
2016 - 2029 Croatie AnteRebic 100 A
33%
2023 - Tunisie EllyesSkhiri 83 M
33%
2018 - 2023 CoteD'Ivoire EvanNdicka 183 D
33%
2023 - Suède HugoLarsson 85 M
33%
2022 - 2025 Cameroun JuniorDina Ebimbe 85 M
33%
2022 - 2023 Argentine LucasAlario 26 A
33%
2024 - Belgique MichyBatshuayi 11 A
33%
2010 - 20142018 - 2024 Allemagne SebastianRode 278 M
33%
2021 - Allemagne AnsgarKnauff 136 M/A
22%
2024 - Belgique ArthurTheate 42 D
22%
2022 - 20242025 - Portugal AurelioButa 65 D
22%
2024 - Turquie CanUzun 31 M
22%
2019 - 2023 Suisse DjibrilSow 160 M
22%
2021 - 2023 Danemark JesperLindstrom 80 M/A
22%
2021 - 2024 Croatie KristijanJakic 82 M
22%
2015 - 2018 Finlande LukasHradecky 116 G
22%
2014 - 2024 Japon MakotoHasebe 304 D/M
22%
2023 - Allemagne NnamdiCollins 36 D
22%
2021 - 2023 Colombie RafaelSantos Borré 92 A
22%
2014 - Etats - Unis TimothyChandler 198 D
22%
2020 - 2025 Brésil Tuta 187 D
22%
2023 - 2024 Equateur WillianPacho 44 D
22%
2010 - 2018 Allemagne AlexanderMeier 196 M/A
11%
2024 - Suisse AurèleAmenda 13 D
11%
2019 - 2021 Pays - Bas BasDost 43 A
11%
2022 - 2024 Croatie HrvojeSmolcic 32 D
11%
2024 - 2025 Croatie IgorMatanovic 25 A
11%
2023 - France Jean - MattéoBahoya 41 M/A
11%
2021 - 20222023 - 2024 Norvège Jens PetterHauge 55 A
11%
2023 - Brésil KauaSantos 14 G
11%
2017 - 2018 Ghana Kévin - PrinceBoateng 36 M
11%
2024 - Syrie MahmoudDahoud 18 M
11%
2015 - 2020 Serbie MijatGacinovic 157 M
11%
2024 - Allemagne NathanielBrown 33 D
11%
2018 - 2019 Allemagne NicolaiMuller 12 M/A
11%
2023 - 2025 France NielsNkounkou 63 D
11%
2022 - 2024 Etats - Unis PaxtenAaronson 23 M
11%
2022 - 2024 Allemagne PhilippMax 42 D
11%
2023 - Allemagne RobinKoch 85 D
11%
2017 - 2020 Guinée SimonFalette 43 D
11%
2013 - 2014 Suisse TranquilloBarnetta 31 M
11%
2014 - 2016 Serbie AleksandarIgnjovski 41 M
0%
2010 - 2011 MacédoineDu Nord AleksandarVasoski 13 D
0%
2013 - 2015 Allemagne AlexanderMadlung 42 D
0%
2018 - 2019 Brésil Allan 4 M
0%
2020 - 2022 Allemagne AminYounes 28 M/A
0%
2016 - 2017 Equateur AnderssonOrdonez 4 D
0%
2015 - 2016 Tunisie AnisBen Hatira 11 A
0%
2012 - 2014 Turquie AykutOzer 2 G
0%
2016 - 20172020 - 2022 Maroc AymenBarkok 64 M
0%
2011 - 2015 Brésil BambaAnderson 107 D
0%
2012 - 2017 Allemagne BastianOczipka 167 D
0%
2010 - 2013 Allemagne BenjaminKohler 74 M
0%
2016 - 2019 Suède BranimirHrgota 39 M
0%
2010 - 2012 Brésil Caio 39 M
0%
2017 - 2019 Mexique CarlosSalcedo 32 D
0%
2012 - 2016 Pérou CarlosZambrano 117 D
0%
2010 - 2011 Brésil Chris 7 M
0%
2021 - 2023 Allemagne Christopher Lenz 53 D
0%
2021 - 2023 Allemagne ChristopherLenz 53 D
0%
2011 - 2016 CoteD'Ivoire ConstantDjakpa 81 D
0%
2016 - 2018 Allemagne DannyBlum 24 A
0%
2017 - 2022 Allemagne DannyDa Costa 129 D
0%
2022 - 2023 Allemagne DarioGebuhr 1 D
0%
2015 - 2021 Argentine DavidAbraham 178 D
0%
2014 - 2016 Allemagne DavidKinsombi 4 D
0%
2019 - 2020 Serbie DevanJoveljic 10 A
0%
2021 - 2023 Allemagne DiantRamaj 2 G
0%
2019 - 2021 Allemagne DominikKohr 49 M
0%
2011 - 2012 Allemagne DominikSchmidt 1 D
0%
2023 - 2024 Pays - Bas DonnyVan De Beek 8 M
0%
2012 - 2013 Cameroun DorgeKouemaha 2 A
0%
2024 - Allemagne Eba BekirIs 1 M
0%
2023 - 2024 Allemagne EliasBaum 6 D
0%
2020 - 2021 Allemagne EliasBordner 1 G
0%
2019 - 2022 Allemagne ErikDurm 46 D
0%
2011 - 2013 Autriche ErwinHoffer 37 A
0%
2022 - 2023 Allemagne FarideAlidou 21 A
0%
2013 - 20152019 - 2020 Allemagne FelixWiedwald 19 G
0%
2018 - 2020 Danemark FrederikRonnow 21 G
0%
2017 - 2020 Suisse GelsonFernandes 81 M
0%
2010 - 2012 Grèce GeorgiosTzavellas 30 D
0%
2018 - 20202021 - 2022 Portugal GoncaloPaciencia 86 A
0%
2011 - 2012 Croatie GordonSchildenfeld 35 D
0%
2016 - 2017 Uruguay GuillermoVarela 10 D
0%
2011 - 2012 Algérie HabibBellaid 1 D
0%
2010 - 2011 Turquie HalilAltintop 37 M
0%
2014 - 2017 Suisse HarisSeferovic 96 A
0%
2011 - 2013 Allemagne HeikoButscher 16 D
0%
2016 - 2017 Autriche HeinzLindner 2 G
0%
2010 - 2011 Grèce IoannisAmanatidis 21 A
0%
2013 - 2014 Allemagne JanRosenthal 24 M/A
0%
2021 - Allemagne JensGrahl 6 G
0%
2023 - 20242025 - Allemagne JessicNgankam 23 A
0%
2016 - 2017 Espagne JesusVallejo 27 D
0%
2017 - 2019 Pays - Bas JetroWillems 65 D
0%
2015 - 2016 Allemagne JoelGerezgiher 4 M
0%
2013 - 2016 Allemagne JohannesFlum 54 M
0%
2017 - 2020 Pays - Bas JonathanDe Guzman 68 M
0%
2013 - 2014 Espagne Joselu 33 A
0%
2010 - 2011 Allemagne JulianDudda 1 D
0%
2015 - 2016 Turquie KaanAyhan 2 D
0%
2011 - 2013 Algérie KarimMatmour 54 A
0%
2010 - 2011 Allemagne KevinKraus 1 D
0%
2022 - 2023 Italie LucaPellegrini 14 D
0%
2014 - 2016 Allemagne LucaWaldschmidt 17 A
0%
2014 - 2015 Brésil LucasPiazon 23 M/A
0%
2018 - 2020 Espagne LucasTorro 25 M
0%
2015 - 2016 Pays - Bas LucCastaignos 22 A
0%
2010 - 2011 Allemagne MaikFranz 25 D
0%
2012 - 2019 Allemagne MarcStendera 89 M
0%
2010 - 2011 Allemagne MarcelHeller 10 M
0%
2010 - 2011 Allemagne MarcelTitsch Rivero 1 M
0%
2022 - 2023 Allemagne MarcelWenig 2 M
0%
2015 - 2019 Mexique MarcoFabian 50 M
0%
2010 - 20112012 - 2020 Allemagne MarcoRuss 198 D
0%
2012 - 2014 Allemagne Marc OliverKempf 6 D
0%
2017 - 2018 Bosnie MarijanCavar 1 M
0%
2016 - 2018 Allemagne MariusWolf 38 D/M
0%
2023 - 2024 Serbie MarkoMladenovic 1 M
0%
2010 - 2011 Allemagne MarkusSteinhofer 4 D
0%
2011 - 2012 Allemagne MartinAmedick 2 D
0%
2010 - 2011 RépubliqueTchèque MartinFenin 25 A
0%
2018 - 2022 Autriche MartinHinteregger 138 D
0%
2012 - 2015 Allemagne MartinLanig 44 M
0%
2013 - 2014 Allemagne MarvinBakalorz 4 M
0%
2011 - 2012 Allemagne MatthiasLehmann 28 M
0%
2016 - 2017 Allemagne Max Besuschkow 4 M
0%
2016 - 2017 Jamaique MichaelHector 27 D
0%
2011 - 2012 Cameroun MohamadouIdrissou 27 A
0%
2023 - 2024 Espagne NachoFerri 13 A
0%
2014 - 2015 Paraguay NelsonHaedo Valdez 11 A
0%
2015 - 2016 Allemagne NicoRinderknecht 1 M
0%
2010 - 2011 Serbie NikolaPetkovic 1 D
0%
2023 - 2024 Allemagne NoelFukteu 1 A
0%
2010 - 2013 MacédoineDu Nord OkaNikolov 64 G
0%
2012 - 2013 Canada OlivierOccean 19 A
0%
2016 - 2018 GuinéeEquatoriale OmarMascarell 45 M
0%
2024 - Danemark OscarHojlund 22 M
0%
2010 - 2011 Allemagne PatrickOchs 32 D
0%
2010 - 2014 Suisse PirminSchwegler 113 M
0%
2020 - 2022 Allemagne RagnarAche 23 A
0%
2010 - 2011 Allemagne RalfFahrmann 16 G
0%
2024 - Danemark RasmusKristensen 43 D
0%
2010 - 2012 Etats - Unis RicardoClark 13 M
0%
2011 - 2012 Canada RobFriend 14 A
0%
2021 - 2022 Pays - Bas SamLammers 22 A
0%
2023 - 2024 Autriche SasaKalajdzic 6 A
0%
2010 - 2014 Allemagne SebastianJung 144 D
0%
2016 - 2017 Suisse ShaniTarashaj 15 A
0%
2014 - 2018 Serbie SlobodanMedojevic 33 M
0%
2010 - 2016 Allemagne SonnyKittel 54 M/A
0%
2012 - 2014 Croatie SrdjanLakic 32 A
0%
2012 - 2016 Allemagne StefanAigner 136 A
0%
2011 - 2012 Allemagne StefanBell 2 D
0%
2019 - 2022 Autriche StefanIlsanker 61 D/M
0%
2015 - 2016 Allemagne StefanReinartz 17 M
0%
2012 - 2014 Allemagne StefanoCelozzi 44 D
0%
2013 - 2014 Philippines StephanSchrock 17 M
0%
2020 - 2021 Suisse StevenZuber 23 M
0%
2015 - 2017 Hongrie SzabolcsHuszti 34 M
0%
2012 - 2015 Japon TakashiInui 87 A
0%
2016 - 2019 Israel TalebTawatha 40 D
0%
2010 - 2012 Grèce TheofanisGekas 52 A
0%
2011 - 2012 Allemagne ThomasKessler 4 G
0%
2014 - 2015 Allemagne TimHildebrand 3 G
0%
2013 - 2014 Allemagne TobiasWeis 5 M
0%
2010 - 2012 Autriche UmitKorkmaz 14 A
0%
2013 - 2016 RépubliqueTchèque VaclavKadlec 39 A
0%
2012 - 2013 Norvège VadimDemidov 6 D
0%
2015 - 2017 Allemagne YanniRegasel 11 D
0%
Aucun quiz correspondant
Distribution des résultats
% des personnes avec chaque résultat
Percentile par nombre de réponses
Votre historique - résultats
Vous n’avez pas pris ce quiz